Microprocessors and microcontrollers (Record no. 5407)

MARC details
000 -LEADER
fixed length control field 00535nam a2200181Ia 4500
003 - CONTROL NUMBER IDENTIFIER
control field SGT
020 ## - INTERNATIONAL STANDARD BOOK NUMBER
International Standard Book Number 9780198066477
082 ## - DEWEY DECIMAL CLASSIFICATION NUMBER
Classification number 621.3916
Item number KUM
100 ## - MAIN ENTRY--PERSONAL NAME
Personal name Kumar,Senthil
245 ## - TITLE STATEMENT
Title Microprocessors and microcontrollers
260 ## - PUBLICATION, DISTRIBUTION, ETC. (IMPRINT)
Name of publisher, distributor, etc Oxford University Press
Place of publication, distribution, etc N.Delhi
Year of Publication 2011
300 ## - PAGE DESCRIPTION
No. of Pages 765p.
650 ## - SUBJECT ADDED ENTRY--TOPICAL TERM
Topical term or geographic name as entry element ELECTRICAL ENGINEERING
653 ## - KEYWORDS--INDEX TERM
Keyword term INTEL 8085 ARCHITECTURE AND PROGRAMMING, HARDWARE INTERFACING WITH INTEL 8085, INTEL 8051 MICROCONTRLLERS
700 ## - ADDED ENTRY--PERSONAL NAME
Personal name Jeevananthan,S
700 ## - ADDED ENTRY--PERSONAL NAME
Personal name Saravanan,M
942 ## - ADDED ENTRY ELEMENTS (KOHA)
Source of classification or shelving scheme Dewey Decimal Classification
Koha item type Books
Holdings
Withdrawn status Lost status Source of classification or shelving scheme Damaged status Not for loan Home library Current library Date acquired SGTU Total Checkouts Full call number Accession No. (Barcode) Date last seen Bill Date Koha item type Date last borrowed Total Renewals
    Dewey Decimal Classification     SGT Engineering Library SGT Engineering Library 22/05/2012 SGTU   621.3916 KUM FE4486 29/09/2018 09/02/2015 Books    
    Dewey Decimal Classification     SGT Engineering Library SGT Engineering Library 22/05/2012 SGTU 9 621.3916 KUM FE4487 29/11/2021 09/02/2015 Books 13/02/2021  
    Dewey Decimal Classification     SGT Engineering Library SGT Engineering Library 22/05/2012 SGTU   621.3916 KUM FE4488 09/02/2015 09/02/2015 Books    
    Dewey Decimal Classification     SGT Engineering Library SGT Engineering Library 22/05/2012 SGTU 2 621.3916 KUM FE4489 08/12/2018 09/02/2015 Books 19/11/2018 1
    Dewey Decimal Classification     SGT Engineering Library SGT Engineering Library 22/05/2012 SGTU   621.3916 KUM FE4490 09/02/2015 09/02/2015 Books    
    Dewey Decimal Classification     SGT Engineering Library SGT Engineering Library 22/05/2012 SGTU 1 621.3916 KUM FE4491 09/01/2018 09/02/2015 Books 09/12/2017  
    Dewey Decimal Classification     SGT Engineering Library SGT Engineering Library 22/05/2012 SGTU 2 621.3916 KUM FE4492 08/12/2018 09/02/2015 Books 06/12/2018  
    Dewey Decimal Classification     SGT Engineering Library SGT Engineering Library 22/05/2012 SGTU 3 621.3916 KUM FE4493 08/12/2018 09/02/2015 Books 04/12/2018  
    Dewey Decimal Classification     SGT Engineering Library SGT Engineering Library 22/05/2012 SGTU   621.3916 KUM FE4494 09/02/2015 09/02/2015 Books    
    Dewey Decimal Classification     SGT Engineering Library SGT Engineering Library 22/05/2012 SGTU   621.3916 KUM FE4495 09/02/2015 09/02/2015 Books